Operations management : (Record no. 2292)

000 -LEADER
fixed length control field 00964cam a22002534a 4500
003 - CONTROL NUMBER IDENTIFIER
control field OSt
005 - DATE AND TIME OF LATEST TRANSACTION
control field 20210708064055.0
008 - FIXED-LENGTH DATA ELEMENTS--GENERAL INFORMATION
fixed length control field 031210s2005 njua b 001 0 eng
020 ## - INTERNATIONAL STANDARD BOOK NUMBER
International Standard Book Number 0471347248 (cloth/CDrom)
040 ## - CATALOGING SOURCE
Transcribing agency ALUPE UNIVERSITY
042 ## - AUTHENTICATION CODE
Authentication code pcc
050 00 - LIBRARY OF CONGRESS CALL NUMBER
Classification number TS155
Item number .R375 2005
100 1# - MAIN ENTRY--PERSONAL NAME
Personal name Reid, R. Dan
Dates associated with a name 1949-
245 10 - TITLE STATEMENT
Title Operations management :
Remainder of title an integrated approach /
Statement of responsibility, etc. R. Dan Reid, Nada R. Sanders.
250 ## - EDITION STATEMENT
Edition statement 2nd ed.
260 ## - PUBLICATION, DISTRIBUTION, ETC.
Place of publication, distribution, etc. Hoboken, N.J. :
Name of publisher, distributor, etc. John Wiley,
Date of publication, distribution, etc. 2005.
300 ## - PHYSICAL DESCRIPTION
Extent xxviii, 675 p. :
Other physical details col. ill. ;
Dimensions 26 cm.
Accompanying material + 1 CD-ROM (4 3/4 in.)
504 ## - BIBLIOGRAPHY, ETC. NOTE
Bibliography, etc. note Includes bibliographical references and indexes.
650 #0 - SUBJECT ADDED ENTRY--TOPICAL TERM
Topical term or geographic name entry element Production management.
700 1# - ADDED ENTRY--PERSONAL NAME
Personal name Sanders, Nada R.
906 ## - LOCAL DATA ELEMENT F, LDF (RLIN)
a 7
b cbc
c orignew
d 1
e ocip
f 20
g y-gencatlg
942 ## - ADDED ENTRY ELEMENTS (KOHA)
Source of classification or shelving scheme
Koha item type Book
Suppress in OPAC PW
Holdings
Withdrawn status Lost status Source of classification or shelving scheme Damaged status Not for loan Permanent Location Current Location Shelving location Date acquired Total Checkouts Full call number Barcode Date last seen Copy number Price effective from Koha item type Public note
          AU LIBRARY AU LIBRARY Open Shelf 08.07.2021   TS155 .R37 2005 C2 28000541 08.07.2021 2 08.07.2021 Book PW
          AU LIBRARY AU LIBRARY Open Shelf 08.07.2021   TS155 .R375 2005 C1 28000540 08.07.2021 1 08.07.2021 Book SO

Powered by Koha